Sports Quiz

Random Sports or NFL Quiz
Score 0/85 Timer 08:00
0 Plays Today
Game Name % Correct
Browns at RavensTorrey Smith
90.9%
Cowboys at RedskinsDeSean Jackson
90.9%
Jets at DolphinsGeno Smith
90.9%
Cowboys at RedskinsDeMarco Murray
89.6%
Colts at TitansAndrew Luck
88.3%
Eagles at GiantsEli Manning
88.3%
Jaguars at TexansAndre Johnson
88.3%
Lions at PackersCalvin Johnson
88.3%
Bills at PatriotsKyle Orton
87%
Cowboys at RedskinsDez Bryant
87%
Panthers at FalconsCam Newton
87%
Bengals at SteelersMartavis Bryant
87%
Browns at RavensJoe Flacco
85.7%
Cowboys at RedskinsTony Romo
85.7%
Saints at BuccaneersDrew Brees
85.7%
Lions at PackersAaron Rodgers
85.7%
Cowboys at RedskinsRobert Griffin
84.4%
Eagles at GiantsMark Sanchez
83.1%
Eagles at GiantsOdell Beckham
83.1%
Raiders at BroncosDerek Carr
83.1%
Bears at VikingsTeddy Bridgewater
81.8%
Jets at DolphinsRyan Tannehill
80.5%
Saints at BuccaneersJosh McCown
80.5%
Saints at BuccaneersMike Evans
80.5%
Eagles at GiantsAndre Williams
80.5%
Lions at PackersRandall Cobb
80.5%
Lions at PackersMatthew Stafford
80.5%
Colts at TitansCoby Fleener
79.2%
Jets at DolphinsDaniel Thomas
79.2%
Game Name % Correct
Raiders at BroncosC.J. Anderson
79.2%
Bengals at SteelersAntonio Brown
77.9%
Cardinals at 49ersColin Kaepernick
76.6%
Bengals at SteelersBen Roethlisberger
76.6%
Jets at DolphinsLamar Miller
75.3%
Rams at SeahawksMarshawn Lynch
75.3%
Cardinals at 49ersBruce Miller
75.3%
Jets at DolphinsChris Ivory
74%
Jaguars at TexansCase Keenum
74%
Jaguars at TexansArian Foster
74%
Jets at DolphinsEric Decker
72.7%
Bengals at SteelersAndy Dalton
72.7%
Saints at BuccaneersMark Ingram
71.4%
Eagles at GiantsJordan Matthews
70.1%
Saints at BuccaneersMarques Colston
67.5%
Raiders at BroncosVirgil Green
64.9%
Bills at PatriotsRobert Woods
62.3%
Browns at RavensTerrance West
61%
Colts at TitansKendall Wright
61%
Colts at TitansCharlie Whitehurst
59.7%
Chargers at ChiefsTravis Kelce
58.4%
Cardinals at 49ersRyan Lindley
58.4%
Cardinals at 49ersAnquan Boldin
58.4%
Cowboys at RedskinsJoseph Randle
57.1%
Chargers at ChiefsBranden Oliver
57.1%
Cardinals at 49ersMichael Floyd
55.8%
Saints at BuccaneersKhiry Robinson
51.9%
Jets at DolphinsCharles Clay
49.4%
Bengals at SteelersGiovani Bernard
49.4%
Game Name % Correct
Eagles at GiantsBrent Celek
45.5%
Raiders at BroncosBrock Osweiler
41.6%
Jaguars at TexansAlfred Blue
39%
Jaguars at TexansJordan Todman
39%
Eagles at GiantsChris Polk
35.1%
Bills at PatriotsBoobie Dixon
33.8%
Bengals at SteelersJermaine Gresham
32.5%
Lions at PackersMicah Hyde
26%
Jets at DolphinsJeff Cumberland
24.7%
Saints at BuccaneersCharles Sims
24.7%
Jaguars at TexansCecil Shorts
22.1%
Colts at TitansMatt Hasselbeck
20.8%
Panthers at FalconsRoman Harper
20.8%
Panthers at FalconsEd Dickson
18.2%
Lions at PackersTheo Riddick
18.2%
Rams at SeahawksBruce Irvin
16.9%
Browns at RavensKamar Aiken
14.3%
Jets at DolphinsChris Owusu
14.3%
Panthers at FalconsTre Boston
14.3%
Raiders at BroncosTony Carter
10.4%
Bears at VikingsAdam Thielen
9.1%
Cowboys at RedskinsAnthony Spencer
6.5%
Eagles at GiantsTrey Burton
6.5%
Colts at TitansJack Doyle
5.2%
Jaguars at TexansDwayne Gratz
5.2%
Raiders at BroncosJamize Olawale
3.9%
Raiders at BroncosKeith McGill
1.3%
Remove Ads.
Support Sporcle.
Get the best of Sporcle when you Go Orange. This ad-free experience offers more features, more stats, and more fun while also helping to support Sporcle. Thank you for becoming a member.

You're not logged in!

Compare scores with friends on all Sporcle quizzes.
OR
Log In

Show Comments

Extras

Top Quizzes Today


Score Distribution

Your Account Isn't Verified!

In order to create a playlist on Sporcle, you need to verify the email address you used during registration. Go to your Sporcle Settings to finish the process.

Report this User

Report this user for behavior that violates our Community Guidelines.

Details: